000 00692nam a2200301Ia 4500
005 20260401122323.0
008 008 250103s9999 xx 000 0 eng d
020 _a3039104047
037 _aTB
040 _aEDL
040 _beng
040 _cEDL
041 _2eng
041 _aeng
084 _a150.1943 OHR
084 _qEDL
100 _aOhreen, David E.
_91233237
245 0 _aScope and Limits of Folk Psychology: Socio-Linguistic Approach
245 0 _cOhreen, David E.
260 _aBern
260 _bPeter Lang
260 _c2004
300 _a279p
942 _cTB
942 _h150.1943 OHR
999 _c1846495
_d1846495